000 01247naa a22003617a 4500
001 BR8204303
003 BR-BrBNA
005 20240918175132.0
007 ta
008 230509b bl.||||| |||| 00| 0 por d
040 _aBR-BrBNA
_bpor
_cBiblioteca Nacional de Agricultura
041 _a(Pt)
072 _aF00; H20
_b0120
_b3575
_b4120
_bG514
090 _aF00 BR8204303
100 1 _aAlmeida, A.M.P.
100 1 _aWink, R.F.
111 1 _a27. Reuniao Tecnica Anual do Milho
_cPorto Alegre, RS (Brazil)
_d17-19 Aug 1982
245 1 _aAvaliacao da incidencia de microorganismos em sementes de milho observados em espigas por ocasiao da colheita [Zea mays, fungo, Brasil]
260 3 _aPorto Alegre, RS (Brasil):
_c1982.
500 _aAta da 27. Reuniao Tecnica Anual do Milho Porto Alegre, RS (Brasil): 1982. p. 192-208 (BR8204303-AM)F00
650 _aSEMEADURA
650 _aSEMENTE
650 _aESPIGA
650 _aFUSARIOSE
650 _aPODRIDAO
650 _aCARVAO
650 _aFUNGO
650 _aMICRORGANISMO
650 _aMILHO
773 0 _tAta da 27. Reuniao Tecnica Anual do Milho
_wF00 BR8204303
_gPorto Alegre, RS (Brasil), 1982. p. 192-208
909 _a202404
_bLucia
_c55
_dLucia Elande
942 _cAM
_2AGRIS
999 _c315209
_d315209